00762 a2200205 4500008003900000020001800039040006000057041000800117060001300125245011100138260003300249300005400282490003500336504005300371650002200424650001700446700003000463700003300493700003000526130808s2008 ag ad fr 001 0 spa a9789501260847 aCO-BoUCMbspacAngélica ChartanodAldemar Mondragón00aspa aWL 103.500aEvaluación neuropsicológica en adultosccompilado por Débora I. Burin, Marina A. Drake, Paula Harris c2008bPaidósaBuenos Aires a413 páginasbIlustraciones cuadros y gráficas aEvaluación psicológicav84 aIncluye referencias bibliográficas e índices 2aNeuropsicología 2aPsicología1 aBurin, Deboraecompilador1 aDrake, Marina A.ecompilador1 aHarris, Paulaecompilador